Amnézie /
"Každý je sám sobě cílem i svou vlastní cestou.Po těchto cestách všichni putujeme…v jednom, společném vědomí.“Kaileen Experimentální román o astrálním putování a podstatě reality.
Uloženo v:
| Hlavní autor: | |
|---|---|
| Médium: | E-kniha |
| Jazyk: | Czech |
| Vydáno: |
Praha :
E-knihy jedou,
2021
|
| Tagy: |
Žádné tagy |
| LEADER | 01142nam a22002297i 4500 | ||
|---|---|---|---|
| 001 | 311483 | ||
| 007 | ta | ||
| 008 | 260601s2021 xr ||||| |||| 00| 0 cze d | ||
| 020 | |a 9990003414311 | ||
| 044 | |a xr | ||
| 100 | 1 | |a Pekař, Čeněk |4 aut | |
| 245 | 1 | 0 | |a Amnézie / |c Pekař, Čeněk |
| 264 | 1 | |a Praha : |b E-knihy jedou, |c 2021 | |
| 300 | |a 1 online zdroj (383 stran) | ||
| 336 | |a text |b txt |2 rdacontent | ||
| 337 | |a bez média |b n |2 rdamedia | ||
| 338 | |a online zdroj |b cr |2 rdacarrier | ||
| 520 | 2 | |a "Každý je sám sobě cílem i svou vlastní cestou.Po těchto cestách všichni putujeme…v jednom, společném vědomí.“Kaileen Experimentální román o astrálním putování a podstatě reality. | |
| 910 | |a RBIT002 | ||
| 998 | |d 341431 |a https://core.palmknihy.cz/api/books/341431/cover?r3gcko |b https://core.palmknihy.cz/api/books/341431/cover/400?r3gcko |c https://core.palmknihy.cz/api/books/341431/cover/50?r3gcko |e |g 383 |i 9990003414311 |j https://core.palmknihy.cz/api/books/341431/preview.epub |k https://core.palmknihy.cz/api/books/341431/preview.pdf |l |q 49 |r 1 |s https://www.palmknihy.cz/kniha/341431 |t ebook |y 2021 |z 1 | ||
| 999 | |d 311481 | ||